[Event "Sainte Adele Superfest U2000"]
[Site "Sainte Adele"]
[Date "2012.08.17"]
[Round "3"]
[White "Touboul, Bertrand"]
[Black "Marghetis, Aris"]
[Result "1-0"]
[WhiteElo "1725"]
[BlackElo "1923"]
[PlyCount "75"]
[EventDate "2012.08.15"]
[EventType "swiss"]
[EventRounds "5"]
[EventCountry "CAN"]
[SourceTitle "EXT 2022"]
[Source "ChessBase"]
[SourceDate "2021.10.06"]
[SourceVersion "1"]
[SourceVersionDate "2021.10.06"]
[SourceQuality "1"]

1. e4 d6 2. d4 Nf6 3. Nc3 g6 4. f3 Bg7 5. Be3 Nbd7 6. Qd2 c5 7. Nge2 cxd4 8. Nxd4 Ne5 9. Bh6 0-0 10. 0-0-0 a6 11. g4 b5 12. Kb1 Bb7 13. h4 Rc8 14. Bxg7 Kxg7 15. h5 Rh8 16. Be2 Qa5 17. Nb3 Qb6 18. g5 Nxh5 19. f4 Nc4 20. Bxc4 Rxc4 21. Rxh5 gxh5 22. Qe2 a5 23. f5 a4 24. Nd2 Rc5 25. Qxh5 h6 26. f6+ exf6 27. gxf6+ Kf8 28. Nd5 Bxd5 29. exd5 Qb7 30. Ne4 Qd7 31. Nxc5 dxc5 32. Re1 Qd6 33. Qf5 Qd8 34. d6 Rg8 35. d7 Rg6 36. Re8+ Qxe8 37. dxe8Q+ Kxe8 38. Qc8# 1-0